Ashleigh's Hope / (Record no. 5313)

MARC details
000 -LEADER
fixed length control field 00903nam a22003017a 4500
001 - CONTROL NUMBER
control field 5313
003 - CONTROL NUMBER IDENTIFIER
control field FISKH
005 - DATE AND TIME OF LATEST TRANSACTION
control field 20241125165012.0
008 - FIXED-LENGTH DATA ELEMENTS--GENERAL INFORMATION
fixed length control field 241125b cb ||||| |||| 00| 0 eng d
020 ## - INTERNATIONAL STANDARD BOOK NUMBER
International Standard Book Number 099455003995
040 ## - CATALOGING SOURCE
Original cataloging agency FISKH
Language of cataloging eng
Transcribing agency FISKH
Modifying agency FISKH
050 ## - LIBRARY OF CONGRESS CALL NUMBER
Classification number PZ7.C1543
082 ## - DEWEY DECIMAL CLASSIFICATION NUMBER
Classification number 437
100 ## - MAIN ENTRY--PERSONAL NAME
Personal name Campbell, Joanna
245 ## - TITLE STATEMENT
Title Ashleigh's Hope /
Statement of responsibility, etc. Created by Janna Campbell
260 ## - PUBLICATION, DISTRIBUTION, ETC.
Place of publication, distribution, etc. New York :
Name of publisher, distributor, etc. HarperPaperbacks ;
Date of publication, distribution, etc. 1996.
300 ## - PHYSICAL DESCRIPTION
Extent 179 pages :
Other physical details illustrations ;
Dimensions 21 cm .
490 ## - SERIES STATEMENT
Series statement Thoroughbred
Volume/sequential designation Super 3
505 ## - FORMATTED CONTENTS NOTE
Formatted contents note U <br/>
520 ## - SUMMARY, ETC.
Summary, etc. In this exciting prequel, readers learn how Ashleigh and her friends first discovered the world of horses.
521 8# - TARGET AUDIENCE NOTE
Target audience note 840 <br/>
Source Lexile <br/>
521 8# - TARGET AUDIENCE NOTE
Target audience note U <br/>
Source Raz-Plus <br/>
650 ## - SUBJECT ADDED ENTRY--TOPICAL TERM
Topical term or geographic name entry element animals
Form subdivision Fiction
650 ## - SUBJECT ADDED ENTRY--TOPICAL TERM
Topical term or geographic name entry element thoroughbred
Form subdivision Fiction
700 ## - ADDED ENTRY--PERSONAL NAME
Personal name Bentley, Karen
Relator term author
942 ## - ADDED ENTRY ELEMENTS (KOHA)
Source of classification or shelving scheme Dewey Decimal Classification
Koha item type Books
Suppress in OPAC No
Holdings
Withdrawn status Lost status Source of classification or shelving scheme Damaged status Not for loan Collection Home library Current library Shelving location Date acquired Total Checkouts Full call number Barcode Date last seen Price effective from Koha item type
    Dewey Decimal Classification     Fiction Footprints International School Library Network Toul Kork Campus Footprints International School Library Network Toul Kork Campus TTP Secondary Fiction Bookshelves 11/25/2024   CAM 437 PZ7.C1543 FISOO984 11/25/2024 11/25/2024 Books